Guess The KPOP Group By Lightsticks - Statistics

General Stats
  • This quiz has been taken 261 times
  • The average score is 14 of 16
Answer Stats
Picture Answer % Correct
Blackpink
100%
BTS
100%
Aespa
99%
EXO
98%
Twice
98%
Txt
98%
Lesserafim
96%
Straykids
95%
NCT
94%
Itzy
92%
New Jeans
87%
Ive
84%
Seventeen
84%
Red Velvet
83%
Enhypen
77%
Shinee
44%
No matching quizzes found
Score Distribution
Percent of People with Each Score
Percentile by Number Answered
Your Score History
You have not taken this quiz